| 000 | 00777nam a2200121Ia 4500 | ||
|---|---|---|---|
| 008 | 220620s9999||||xx |||||||||||||| ||und|| | ||
| 100 | _aMcBride, Mark | ||
| 245 | 0 | _aBasic Knowledge and Conditions on Knowledge | |
| 546 | _aEnglish[eng] | ||
| 650 | _ajustifications||safety condition||sensitivity||basic knowledge||epistemology||conclusive reasons||Brain in a vat||Coherentism||Dogma||Fallibilism||Foundationalism||Fred Dretske||Inference||Logical consequence||Robert Nozick | ||
| 856 | _uhttps://library.oapen.org/bitstream/20.500.12657/30832/1/641856.pdf||https://library.oapen.org/bitstream/20.500.12657/30832/1/641856.pdf||https://library.oapen.org/bitstream/20.500.12657/30832/1/641856.pdf||https://library.oapen.org/bitstream/20.500.12657/30832/1/641856.pdf | ||
| 942 | _cEB | ||
| 999 |
_c22855 _d22855 |
||